000 00841nam a2200289 a 4500
001 981
003 BD-RjUL
005 20211208233247.0
008 131124s1970 enk 001 0 eng
020 _a0198243464
035 _a(BD-RjUL)1003
040 _aDLC
_cDLC
_dDLC
_dBD-RjUL
_beng
041 _aeng
082 0 0 _a100
_220
_bAUP 1970
100 1 _aAustin, J. L.
_q(John Langshaw),
_d1911-1960.
_92886
245 1 0 _aPhilosophical papers /
_cEdited by J. O. Urmson and G. J. Warnock.
250 _a2d ed.
260 _aOxford :
_bClarendon Press ,
_cc1970.
300 _avii, 290 p. ;
_c21 cm.
504 _aIncludes index.
650 0 _aPhilosophy.
_92887
700 1 _aUrmson, J. O.,
_eed.
_92888
700 1 _aWarnock, G. J.
_q(Geoffrey James),
_d1923-
_eed.
_92889
942 _2ddc
_cBK
999 _c981
_d981